000 00195 a2200109 4500
020 _a9789709747522
041 _aspa
100 _aDisney
245 _aBlanca Nieves
942 _cBK
952 _71
999 _c25206
_d25206